| 000 | 01248cad a22002535a 4500 | ||
|---|---|---|---|
| 001 | L145681 | ||
| 008 | 081030e20081009xxkd f s 000 0 eng d | ||
| 035 | _a(Sirsi) u145681 | ||
| 041 | 0 | _aeng | |
| 050 | 0 | 4 | _a333.33 $2 18 |
| 110 | 2 |
_aRoyal Institution of Chartered Surveyors _bEconomics _95033 |
|
| 245 | 0 | 0 |
_aRICS global real estate weekly _b10 October 2008 _h[electronic resource] |
| 260 |
_aLondon _bRICS _c2008 |
||
| 490 | 0 |
_aRICS Global Real Estate Weekly _v10 October 2008 |
|
| 520 | _aReports that pressure on the construction sector in Korea is mounting. Expects Australian housing credit to fall further despite interest rate cuts. Finds more evidence of US economic weakness as home vacancies increase. After having fallen sharply, expects mortgage lending in the Euro area to slow even more. | ||
| 590 | _aKA | ||
| 650 | 2 | 4 | _aRICS GLOBAL REAL ESTATE WEEKLY |
| 651 | 4 | _aInternational | |
| 690 | _aBUILT ENVIRONMENT-CONSTRUCTION MARKET | ||
| 690 | _aPROPERTY-COMMERCIAL PROPERTY-COMMERCIAL PROPERTY MARKET | ||
| 690 | _aPROPERTY-RESIDENTIAL PROPERTY-RESIDENTIAL PROPERTY MARKET | ||
| 856 | 4 | 0 |
_uhttps://www.rics.org/site/scripts/download_info.aspx?downloadID=1143 _zView the report free of charge at www.rics.org... |
| 942 | _n0 | ||
| 999 |
_c108860 _d108860 |
||